Quality without tears : the art of hassle-free ma nagemet
| Main Author: | |
|---|---|
| Format: | Book |
| Published: |
New York :
McGraw-Hill ,
1986
|
| Subjects: |
MARC
| LEADER | 00000cam a2200000 7i4500 | ||
|---|---|---|---|
| 001 | 0000003267 | ||
| 002 | 000003524 | ||
| 005 | 20000330.0 | ||
| 020 | |a 0071002006 | ||
| 090 | 0 | 0 | |a 658.562 |b CRO |
| 100 | 1 | |a Crosby, Philip B | |
| 245 | 1 | 0 | |a Quality without tears : |b the art of hassle-free ma nagemet |c Philip B.Grosby |
| 260 | |a New York : |b McGraw-Hill , |c 1986 | ||
| 300 | |a 205p. ; |c 20cm. | ||
| 650 | 0 | 0 | |a Quality assurance |
| 999 | |a 034020 |b BUKU |c PINJAMAN |e PERPUSTAKAAN KOMUNITI PETALING JAYA | ||